000 00388nam a2200169Ia 4500
003 0STCL
008 150530s9999 xx 000 0 und d
040 _aSTCL
_cSTCL
100 _aRaghava prakash
245 _aAlochanaa Ki Nayee Talaash
260 _bSahithyachaar ; Jaipur
_c1987
300 _a0
546 _aHindi
942 _2ddc
_cBK
999 _c65004
_d65004
005 20220125171256.0